Statistiken für Griechische Buchstaben in zufälliger Reihenfolge

Klicken Sie hier um das Quiz zu spielen!

Allgemein

  • Dieses Quiz wurde 229 mal gespielt
  • Das Durchschnittsergebnis liegt bei 16 aus 24

Antwortstatistiken

ZeichenAntwort% Korrekt
Α αAlpha
98%
Β βBeta
98%
Ω ωOmega
97%
Δ δDelta
94%
Ε εEpsilon
86%
Π πPi
84%
Μ μMy
80%
Ζ ζZeta
75%
Γ γGamma
70%
Φ φPhi
69%
Κ κKappa
66%
Λ λLambda
65%
Σ σSigma
65%
Ρ ρRho
64%
Ν νNy
60%
Ο οOmikron
57%
Ψ ψPsi
55%
Θ θTheta
50%
Τ τTau
49%
Υ υYpsilon
47%
Ξ ξXi
46%
Ι ιIota
45%
Χ χChi
43%
Η ηEta
43%

Verteilung der Resultate

Perzentil nach korrekt beantworteten Fragen

Anzahl Personen mit jedem Resultat

Ihre Resultats-Entwicklung

Sie haben dieses Quiz noch nicht gespielt